LDR 00656naa#a2200181#i#450# 001 EN\\bibl\118988 005 20260417030053.5 011 ## _a1999-9917 100 ## _a20260330b2026####ek#y0engy0150####ca 102 ## _aRU 200 1# _aSOME ISSUES RELATED TO THE IMPLEMENTATION OF THE FEDERAL LAW ON PROBATION IN THE RUSSIAN FEDERATION _eJournal article 210 1# _aRyazan _cAcademy of the FPS of Russia _d2026 215 ## _a5 с. 608 ## _aJournal article _2local 675 ## _aИсполнение наказания без лишения свободы. 343.847 _z 700 #1 _aZlotnikov _gSergey Anatolyevich 700 #1 _aSednev _gSergey Petrovich 856 4# _amcp.editorum.ru _u